000 00932nam a2200241 i 4500
001 67484
003 ES-MaACL
005 20231227184714.0
007 t|
008 040601s2003 sp ||||0| spa d
040 _aM-BN
_bspa
_cM-BN
080 _a929 García Martí, Victoriano
080 _a94(460.111 Pobra)
100 1 _aCasanova Fernández, Fernando.
_936113
245 1 0 _aVictoriano García Martí, paisajes literarios de una vida /
_cFernando Casanova Fernández.
260 _a[Pobra do Caramiñal] :
_bConcello da Pobra do Caramiñal ;
_a[Padrón] :
_bFundación Ruta Xacobea do Mar de Arousa e Ulla,
_c[2003]
300 _a[53] p. :
_bil. col. ;
_c23 cm.
600 1 4 _aGarcía Martí, Victoriano,
_d1881-1966
_954896
651 4 _aA Pobra do Caramiñal-
_xHistoria.
_97587
710 2 _aFundación Ruta Xacobea do Mar de Arousa e Ulla.
_94409
852 _aES-MaACL
_jL-27768
_bR.133360
999 _c67484
_d67484